Los mexicanos y el Mx̌ico del Constituyente (1916-1917)

Detalles Bibliográficos
Autor principal: Quirarte, Vicente
Formato: eBook
Lenguaje:español
Publicado: Ciudad de Mx̌ico: Cm̀ara de Diputados, 2017
Materias:
Acceso en línea:Acceso restringido

MARC

LEADER 00000nam a22000007a 4500
005 20170614002654.0
007 cr|||| ||||
008 170614s2017 mx |||||s|||| 00||0 spa d
020 |a 978-607-7844-72-3 
035 |a 20349 
040 |a vLex 
090 |c 6767  |d 6767 
100 1 |a Quirarte, Vicente 
245 1 3 |a Los mexicanos y el Mx̌ico del Constituyente (1916-1917)  |h [Recurso electrn̤ico] /  |c Vicente Quirarte 
256 |a Servicio en ln̕ea 
260 |a Ciudad de Mx̌ico:  |b Cm̀ara de Diputados,  |c 2017 
300 |a 1 recurso electrn̤ico 
506 1 |a Disponible solo en los productos indicados  |d vLex Global  |d vLex Global (Academic Edition, excluding Law Schools)  |d vLex Global (U.S. Academic Edition, Law Schools)  |d vLex Global (U.S. Academic Edition, excluding Law Schools)  |d vLex Global (Academic Edition, Law Schools) 
650 0 4 |a Derecho Constitucional  |z Mx̌ico 
740 0 |a vLex Libros (Servicio en ln̕ea) 
856 4 0 |u http://vlex.com/source/mexicanos-mexico-constituyente-1916-1917--20349  |z Acceso restringido 
942 |c BOOK 
999 0 |a Constitutional right